• 首页
  • 本馆介绍
  • 公告通知
  • 最新文献
  • 馆藏检索
  • 电子资源
  • 读者导购
  • 参考咨询
  • 我的图书馆
  • 登录
  • 详细信息显示
  • 放入我的书架
  • 预约/预借图书
  • 作者相关作品
  • 分类相关作品
  • 丛书相关作品
  • 出版社相关作品

书目信息

  • 表格格式
  • 工作单格式
  • 卡片格式
题名:
岭南园林
    
 
作者: 陈长文 编著
分册:  
出版信息: 长春   吉林文史出版社  2018重印
页数: 120页
开本: 23cm
丛书名: 中国文化知识读本
单 册:
中图分类: K928.73
科图分类:
主题词: 古典园林--Gu Dian Yuan Lin--简介--广东省
电子资源:
ISBN: 978-7-5463-1940-7
000 00950nam 2200265 45
001 012001009684
005 20140103112514.0
010    @a978-7-5463-1940-7@dCNY34.80
099    @aCAL 012010254663
100    @a20101203d2010 em y0chiy50 ea
101 0  @achi
102    @aCN@b220000
105    @aaf z 000yy
106    @ar
200 1  @a岭南园林@ALing Nan Yuan Lin@f编著陈长文
210    @a长春@c吉林文史出版社@d2018重印
215    @a120页@c图@d23cm
225 2  @a中国文化知识读本@AZhong Guo Wen Hua Zhi Shi Du Ben
330    @a本书在深入挖掘和整理中华优秀传统文化成果的同时, 结合社会发展, 注入了时代精神。书中优美生动的文字、简明通俗的语言、图文并茂的形式, 内容包括: 岭南园林的历史、岭南园林的分类等。
410  0 @12001@a中国文化知识读本
606 0  @a古典园林@AGu Dian Yuan Lin@x简介@y广东省
690    @aK928.73@v4
701  0 @a陈长文@AChen Chang Wen@4编著
801  2 @aCN@b上海新华@c20191020
905    @b1189119-22@dK928.73@e1163@f4
    
    岭南园林/编著陈长文.-长春:吉林文史出版社,2018重印
    120页:图;23cm.-(中国文化知识读本)
    
    
    ISBN 978-7-5463-1940-7:CNY34.80
    本书在深入挖掘和整理中华优秀传统文化成果的同时, 结合社会发展, 注入了时代精神。书中优美生动的文字、简明通俗的语言、图文并茂的形式, 内容包括: 岭南园林的历史、岭南园林的分类等。
●
相关链接 在E读中查询图书 在五车中查询图书 在当当中查询图书 在豆瓣中查询图书


正题名:岭南园林     索取号:K928.73/1163         预约/预借

序号 登录号 条形码 馆藏地/架位号 状态 备注
1 1189119   211891194   第二样本阅览室/ [索取号:K928.73/1163] 在馆    
2 1189120   211891201   第二借阅区/ [索取号:K928.73/1163] 在馆    
3 1189121   211891210   第二借阅区/ [索取号:K928.73/1163] 在馆    
4 1189122   211891229   第二借阅区/ [索取号:K928.73/1163] 在馆    
唐山师范学院图书馆 欢迎您!
大连网信软件有限公司© 版权所有